000 00846nam a22002897a 4500
001 BR9404024
003 BR-BrBNA
005 20230928094233.0
007 ta
008 230509b bl.||||| |||| 00| 0 por d
040 _aBR-BrBNA
_bpor
_cBiblioteca Nacional de Agricultura
041 _a(Por)
072 _aJ11; E71; E16
_b0336
090 _ 0336 BR9404024
110 1 _aEmpresa Brasileira de Planejamento de Transportes, Brasilia, DF (Brasil)
_93946
245 1 _aPlano operacional de transportes. Soja - Fase 1
260 3 _aBrasilia, DF (Brasil):
_c1975.
300 _a264 p.
500 _aSummary (Eng); 13 tables; 25 ref.; 27 illus.
650 _aSoja
650 _aTransporte
650 _aEstatistica de Producao
650 _aArmazenamento
650 _aExportacao
909 _a202309
_bLucia
_c55
_dLucia Elande
942 _cBK
999 _c49589
_d49589